Statistics for Martinique Trivia

Click here to take the quiz!

General Stats

  • This quiz has been taken 375 times
  • The average score is 10 of 17

Answer Stats

HintAnswer% Correct
Sea in which the island is locatedCaribbean Sea
98%
Martinique is part of this archipelago in that seaLesser {Antilles}
92%
Explorer who landed on the island in 1502Christopher Columbus
84%
The most spoken language, besides FrenchMartinican {Creole}
79%
Country that invaded the island in 1762, 1794 and 1809United Kingdom
74%
Island nation located right south of MartiniqueSaint Lucia
73%
Island nation located right north of MartiniqueDominica
71%
Name one of the French overseas territories that is more populous than MartiniqueRéunion | Guadeloupe
71%
Martinique was the first area in the Western hemisphere where this bean
was introduced in the 1720s
Coffee
65%
Volcano that erupted in 1902, killed over 30,000 people
(hint: Brazilian footballer)
Mount {Pelé}e
65%
Part of that archipelago that includes Martinique{Windward} Islands
43%
Capital of MartiniqueFort-de-France
33%
Painter that visited the island in 1887 and produced more than 12 artworksPaul Gauguin
29%
Most important city in Martinique before the above completely destroyed itSaint-{Pierre}
26%
Group of indigenous people who inhabited the island first (starts with A)Arawak
20%
Animal that is depicted on the coat of armsSnake
17%
Original name of the aboveFort-Royal
9%

Score Distribution

Percentile by Number Answered

Percent of People with Each Score

Your Score History

You have not taken this quiz